Top 10 Largest Indian States by Area - Statistics

General Stats
  • This quiz has been taken 13 times
  • The average score is 9 of 10
Answer Stats
Area in km² Answer % Correct
196,024 Gujarat
100%
155,707 Odisha
100%
342,239 Rajasthan
100%
130,058 Tamil Nadu
100%
240,928 Uttar Pradesh
100%
160,205 Andhra Pradesh
92%
191,791 Karnataka
92%
308,252 Madhya Pradesh
92%
307,713 Maharashtra
92%
135,191 Chhattisgarh
69%
No matching quizzes found
Score Distribution
Percent of People with Each Score
Percentile by Number Answered
Your Score History
You have not taken this quiz